| 000 | 02139cam a22003495a 4500 | ||
|---|---|---|---|
| 001 | 017438637 | ||
| 003 | Uk | ||
| 005 | 20201128024008.0 | ||
| 006 | m || d | | ||
| 007 | cr ||||||||||| | ||
| 008 | 150629s2015 enka fr 001|0|eng|d | ||
| 015 |
_aGBB592198 _2bnb |
||
| 020 | _a0128023864 (pbk.) | ||
| 020 | _z9780128023860 (pbk.) | ||
| 040 |
_aStDuBDS _beng _cStDuBDS _dUk _dUk _dEG-ScBUE _epn |
||
| 082 | 0 | 4 |
_222 _a620.1 _bPAV |
| 100 | 1 |
_aPavlou, Dimitrios G. _941663 |
|
| 245 | 1 | 0 |
_aEssentials of the finite element method : _bfor mechanical and structural engineers / _cDimitrios G. Pavlou. |
| 260 |
_aLondon : _bAcademic Press / Elsevier Inc., _cc.2015. |
||
| 300 |
_axv, 484 p. : _bcol. ill. ; _c24 cm. |
||
| 500 | _aIndex : p. 479-484. | ||
| 504 | _aIncludes bibliographical references. | ||
| 505 | 0 | _aOverview of the finite element method FEM -- Mathematical Background -- Linear Spring Elements -- Bar Elements and hydraulic networks -- Trusses -- Beams -- Frames -- The Principle of Minimum Potential Energy for 1D Elements -- From Ideal to Real Plane Structural Elements: Elasticity Equations for 2D and 3D Solids -- The Principle of Minimum Potential Energy for 2D and 3D Elements -- Structural Dynamics -- Heat Transfer. | |
| 520 | _aFundamental coverage, analytic mathematics, and up-to-date software applications are hard to find in a single text on the finite element method (FEM). Dimitrios Pavlou's Essentials of the Finite Element Method: For Structural and Mechanical Engineers makes the search easier by providing a comprehensive but concise text for those new to FEM, or just in need of a refresher on the essentials. Essentials of the Finite Element Method explains the basics of FEM, then relates these basics to a number of practical engineering applications. Specific topics covered include linear spring elements, | ||
| 590 | _aWessam | ||
| 650 | 7 |
_aFinite element method. _2BUEsh _92126 |
|
| 650 | 7 |
_aFinite element method _xComputer programs. _2BUEsh _941662 |
|
| 650 | 7 |
_aNumerical analysis. _9465 |
|
| 651 | _2BUEsh | ||
| 653 |
_bENGGEN _cNovember2016 |
||
| 942 |
_2ddc _e22 _k620.1 PAV |
||
| 999 |
_c23175 _d23147 |
||